[Event "AUT-ch Vor3 Internet"]
[Site "Playchess.com INT"]
[Date "2020.04.17"]
[Round "6"]
[White "Kwech, Gregor"]
[Black "Friedl, Markus"]
[Result "1-0"]
[WhiteElo "1064"]
[BlackElo "1824"]
[PlyCount "119"]
[EventDate "2020.04.17"]
[EventType "swiss (blitz)"]
[EventRounds "9"]
[EventCountry "AUT"]
[SourceTitle "CBM 195 Extra"]
[Source "ChessBase"]
[SourceDate "2020.05.31"]
[SourceVersion "1"]
[SourceVersionDate "2020.05.31"]
[SourceQuality "1"]

1. c4 e5 2. Nc3 Bc5 3. d3 d6 4. g3 c6 5. Bg2 Ne7 6. Nf3 0-0 7. 0-0 Ng6 8. Bd2 a6 9. a3 f5 10. b4 Ba7 11. a4 f4 12. e3 fxg3 13. hxg3 Be6 14. Re1 Nd7 15. Rc1 Bg4 16. Na2 Qf6 17. Nc3 Bxf3 18. Qxf3 Qxf3 19. Bxf3 Rxf3 20. Kg2 Raf8 21. Rf1 R3f6 22. f4 exf4 23. exf4 Re8 24. Ne4 Rff8 25. Nxd6 Rb8 26. Rfe1 Nf6 27. b5 axb5 28. axb5 cxb5 29. cxb5 Bb6 30. Bc3 Rfd8 31. Bxf6 gxf6 32. Re6 Kg7 33. Nf5+ Kg8 34. Rxb6 Rxd3 35. Rxf6 Rd2+ 36. Kf3 Rbd8 37. Rc7 R2d3+ 38. Kg4 R3d7 39. Rxd7 Rxd7 40. Rb6 Ne7 41. Nxe7+ Rxe7 42. f5 Rg7+ 43. Kf4 Rf7 44. g4 Kg7 45. g5 Rc7 46. Kg4 Rc4+ 47. Kh5 Rc7 48. f6+ Kg8 49. Re6 Rc5 50. Kh6 Rxb5 51. g6 hxg6 52. Kxg6 Kf8 53. f7 Rg5+ 54. Kxg5 Kxf7 55. Rb6 Ke7 56. Rxb7+ Kd6 57. Rb5 Ke6 58. Kf4 Kd6 59. Ke4 Kc6 60. Rh5 1-0

[Event "AUT-ch Vor1 Internet"]
[Site "Playchess.com INT"]
[Date "2020.04.11"]
[Round "9"]
[White "Friedl, Markus"]
[Black "Galler, Alexander"]
[Result "0-1"]
[WhiteElo "1857"]
[BlackElo "1772"]
[PlyCount "93"]
[EventDate "2020.04.11"]
[EventType "swiss (blitz)"]
[EventRounds "9"]
[EventCountry "AUT"]
[SourceTitle "CBM 195 Extra"]
[Source "ChessBase"]
[SourceDate "2020.05.31"]
[SourceVersion "1"]
[SourceVersionDate "2020.05.31"]
[SourceQuality "1"]

1. e4 c5 2. Bc4 e6 3. Nc3 d6 4. a3 Be7 5. Nge2 Nf6 6. d3 0-0 7. 0-0 a6 8. Ng3 b5 9. Ba2 Bb7 10. Bg5 Nbd7 11. f4 h6 12. Bxf6 Nxf6 13. f5 e5 14. Qe2 Rc8 15. Rf2 c4 16. Raf1 Qb6 17. Kh1 Kh8 18. dxc4 bxc4 19. Na4 Qb5 20. b3 cxb3 21. Qxb5 axb5 22. Bxb3 bxa4 23. Bxa4 Rc4 24. Bb3 Rc3 25. Ne2 Re3 26. Ng3 Nxe4 27. Nxe4 Bxe4 28. a4 Bf6 29. h3 d5 30. Rd1 d4 31. a5 Ra8 32. Ra1 Kg8 33. a6 Rc3 34. Ra4 Bc6 35. Ra5 e4 36. Rf1 e3 37. Re1 d3 38. Bxf7+ Kxf7 39. cxd3 Rxd3 40. Rc1 Be4 41. Rc7+ Be7 42. Ra4 Bxf5 43. Ra5 g6 44. g4 Be6 45. a7 Rd1+ 46. Kg2 e2 47. Re5 0-1

[Event "AUT-ch Vor1 Internet"]
[Site "Playchess.com INT"]
[Date "2020.04.11"]
[Round "4"]
[White "Friedl, Markus"]
[Black "Janes, Christian"]
[Result "1/2-1/2"]
[WhiteElo "1857"]
[BlackElo "1740"]
[PlyCount "86"]
[EventDate "2020.04.11"]
[EventType "swiss (blitz)"]
[EventRounds "9"]
[EventCountry "AUT"]
[SourceTitle "CBM 195 Extra"]
[Source "ChessBase"]
[SourceDate "2020.05.31"]
[SourceVersion "1"]
[SourceVersionDate "2020.05.31"]
[SourceQuality "1"]

1. e4 e5 2. Nf3 Nc6 3. Bc4 Bc5 4. d3 Nf6 5. 0-0 0-0 6. h3 d5 7. exd5 Nxd5 8. Nc3 Nxc3 9. bxc3 Qf6 10. Bg5 Qg6 11. Kh2 h6 12. Be3 Bd6 13. g3 Qh5 14. Nh4 Qxd1 15. Raxd1 Ne7 16. Nf3 Ng6 17. d4 exd4 18. cxd4 Be6 19. Bxe6 fxe6 20. Nd2 e5 21. dxe5 Nxe5 22. Ne4 Nf7 23. Nxd6 Nxd6 24. Bc5 Rfd8 25. Kg2 b6 26. Bxd6 cxd6 27. Rd5 Rd7 28. Rfd1 Rad8 29. c4 Kf7 30. f4 Ke6 31. Kf3 g6 32. a4 a6 33. Rb1 Rb8 34. g4 Rc7 35. Re1+ Kd7 36. Rd4 Rc5 37. Red1 Rc6 38. h4 Rf8 39. Re1 g5 40. hxg5 hxg5 41. f5 Rh8 42. Kg3 a5 43. Re6 Rg8 1/2-1/2